| Tag |
First Indicator |
Second Indicator |
Subfields |
| LEADER |
00000cam a22000007i 4500 |
| 001 |
in00004787616 |
| 006 |
m o d |
| 007 |
cr cnu---unuuu |
| 008 |
230624s2023 gw o 10| 0 eng d |
| 005 |
20240419190819.0 |
| 035 |
|
|
|a (OCoLC)on1382695485
|
| 040 |
|
|
|a EBLCP
|b eng
|e rda
|c EBLCP
|d YDX
|d OCLCF
|d DEGRU
|d OCLCO
|
| 020 |
|
|
|a 9783110734119
|q electronic book
|
| 020 |
|
|
|a 3110734117
|q electronic book
|
| 035 |
|
|
|a (OCoLC)1382695485
|
| 050 |
|
4 |
|a QA10.7
|b .M38 2023
|
| 082 |
0 |
4 |
|a 303.483
|2 23/eng/20230630
|
| 049 |
|
|
|a TXAM
|
| 245 |
0 |
0 |
|a Mathematics for Human Flourishing in the Time of COVID-19 and Post COVID-19 :
|b Proceedings of the Workshop Held at the Faculty of Mechanical Engineering, University of Nis, Nis, 21 of October 2020 /
|c edited by Mahouton Norbert Hounkonnou and Melanija Mitrović.
|
| 264 |
|
1 |
|a Berlin ;
|a Boston :
|b De Gruyter,
|c [2023]
|
| 300 |
|
|
|a 1 online resource (218 p.).
|
| 336 |
|
|
|a text
|b txt
|2 rdacontent
|
| 337 |
|
|
|a computer
|b c
|2 rdamedia
|
| 338 |
|
|
|a online resource
|b cr
|2 rdacarrier
|
| 490 |
0 |
|
|a De Gruyter Proceedings ;
|v volume 3
|
| 505 |
0 |
|
|a Intro -- Preface -- Contents -- List of participants -- Webinar booklet and talks -- Organizers and Technical supporting team -- COVID-19 Vaccination hesitancy in black Americans: need for trusted voices explaining justified concerns -- Artificial intelligence and finite element methods in modeling of COVID-19 -- An architecture for verified medical data distribution employing blockchain technology -- COVID-19 and intensive medicine in developing countries: critical cares management during a sanitary crisis -- Response to COVID-19 pandemic: Lessons from science academies in Africa
|
| 505 |
8 |
|
|a Normal science and the hidden lemmas of mathematical epidemiology -- mathematical modeling of COVID-19 -- Mathematics, the pandemic and complex systems -- A new class of non-associative algebras with genetic realizations -- Modelling COVID-19 dynamics in the sixteen West African countries -- ML ANN model of COVID-19 -- the case of Serbia -- Dynamics of COVID-19 pandemic -- control problem and equilibrium stability characterization -- Knowledge status and potential impact of socio-economic factors on the spreading of COVID-19 in West African countries
|
| 505 |
8 |
|
|a Risk estimate of COVID-19 spread between poverty clusters in Africa using Markov chain modeling -- Disease testing, naive heuristics and evolutionary psychology -- Privacy-preserving contact tracing -- Did passenger air traffic significantly influence the spread of COVID-19 in the World? -- Artificial intelligence and digital technologies in digitally-supported university education
|
| 588 |
|
|
|a Description based on online resource; title from digital title page (viewed on June 30, 2023).
|
| 520 |
|
|
|a The International Chair in Mathematical Physics and Applications (ICMPA - UNESCO chair), University of Abomey-Calavi, Benin, and the Center for Applied Mathematics of the Faculty of Mechanical Engineering Niš, CAM-FMEN, organized a webinar on Mathematics for human flourishing in the time of COVID-19 and post COVID-19, 21 October 2020, supported by the City of Niš. The objectives of the webinar were to give precise information about the work that scientists do to cure the disease, to push forward technology, to understand our society and create new expressions of humanity, and to question the role of mathematics in the responses to this pandemic.
|
| 650 |
|
0 |
|a Mathematics
|x Social aspects
|v Congresses.
|
| 650 |
|
7 |
|a MATHEMATICS / General.
|2 bisacsh
|
| 650 |
|
7 |
|a Mathematics
|x Social aspects
|2 fast
|
| 655 |
|
0 |
|a Electronic books.
|
| 655 |
|
7 |
|a Conference papers and proceedings
|2 fast
|
| 700 |
1 |
|
|a Hounkonnou, Mahouton Norbert,
|e editor.
|
| 700 |
1 |
|
|a Mitrović, Melanija,
|e editor.
|
| 776 |
0 |
8 |
|i Print version:
|a Hounkonnou, Mahouton Norbert
|t Mathematics for Human Flourishing in the Time of COVID-19 and Post COVID-19
|d Berlin/Boston : Walter de Gruyter GmbH,c2023
|
| 856 |
4 |
0 |
|u https://www.degruyter.com/openurl?genre=book&isbn=9783110734119
|z Connect to the full text of this electronic book
|t 0
|
| 955 |
|
|
|a De Gruyter Open Access ebooks
|
| 994 |
|
|
|a 92
|b TXA
|
| 999 |
f |
f |
|s bf7ebd44-6ff5-4375-b37c-43b3ff746680
|i 6de37335-f388-4d57-be0c-c3654cc257a5
|t 0
|
| 952 |
f |
f |
|a Texas A&M University
|b College Station
|c Electronic Resources
|d Available Online
|t 0
|e QA10.7 .M38 2023
|h Library of Congress classification
|
| 998 |
f |
f |
|a QA10.7 .M38 2023
|t 0
|l Available Online
|